| 000 | 00751cam a22002773a 4500 | ||
|---|---|---|---|
| 001 | 31282 | ||
| 003 | PGUSA | ||
| 005 | 20140828083657.0 | ||
| 008 | 100215s2010||||xxu|||||s|||||000 1 eng d | ||
| 040 |
_aPGUSA _beng |
||
| 042 | _adc | ||
| 050 | 4 | _aPS | |
| 100 | 1 |
_aBrowne, Howard, _d1907-1999 |
|
| 245 | 1 | 0 |
_aMars Confidential _h[electronic resource] / _cHoward Browne |
| 260 |
_bProject Gutenberg, _c2010 |
||
| 506 | _aPublic domain in the USA. | ||
| 516 | _aElectronic text | ||
| 653 | _aMars (Planet) -- Fiction | ||
| 653 | _aScience fiction | ||
| 653 | _aShort stories | ||
| 653 | _aMafia -- Fiction | ||
| 700 | 1 | _aSummers, Leo | |
| 830 | 0 |
_aProject Gutenberg _v31282 |
|
| 856 | 4 | 0 | _uhttp://www.gutenberg.org/ebooks/31282 |
| 942 | _cEB | ||
| 999 |
_c260537 _d260537 |
||